[Event "ch-RUS HL"]
[Site "Ulan Ude RUS"]
[Date "2009.09.11"]
[Round "9"]
[White "Belov,Vl"]
[Black "Anisimov,P2"]
[Result "1/2-1/2"]
[WhiteElo "2624"]
[BlackElo "2518"]
[EventDate "2009.09.02"]

1. d4 d6 2. Nf3 Nf6 3. c4 c6 4. Nc3 Bg4 5. e3 e6 6. h3 Bxf3 7. Qxf3 d5 8.
Bd2 Nbd7 9. Bd3 Be7 10. O-O O-O 11. Rfd1 dxc4 12. Bxc4 e5 13. Be1 exd4 14.
Rxd4 Bc5 15. Rdd1 Ne5 16. Qf5 Qe7 17. Be2 Ng6 18. Rac1 Rad8 19. Rxd8 Rxd8
20. Rd1 Bd6 21. a3 h6 22. g3 Re8 23. Kg2 b5 24. Qc2 a6 25. Kg1 Qe6 26. Bf1
Bf8 27. Bg2 Ne5 28. Ne2 c5 29. a4 Qc4 30. Qxc4 Nxc4 31. b3 Nd6 32. Nc3 Rb8
33. Nd5 Nxd5 34. Bxd5 c4 35. axb5 axb5 36. b4 Nc8 37. Kf1 Nb6 38. Be4 g6
39. Ra1 Na4 40. Bc2 Bg7 41. Rd1 Nc3 42. Rd7 Ra8 43. Bxc3 Bxc3 44. Be4 Ra6
45. Bd5 Bxb4 46. Rxf7 Rd6 47. Rd7+ Kf8 48. Rxd6 Bxd6 49. Ke2 Ke7 50. Bc6 b4
51. Bd5 c3 52. Bb3 g5 53. Kf3 h5 54. Ke4 Kf6 55. Kd5 Bb8 56. Bc2 h4 57. g4
Bg3 1/2-1/2

[Event "ch-RUS HL"]
[Site "Ulan Ude RUS"]
[Date "2009.09.11"]
[Round "9"]
[White "Kornev,Alexei"]
[Black "Badmatsyrenov,O"]
[Result "0-1"]
[WhiteElo "2527"]
[BlackElo "2437"]
[EventDate "2009.09.02"]

1. d4 Nf6 2. c4 e6 3. Nc3 c5 4. d5 exd5 5. cxd5 d6 6. e4 g6 7. f4 Bg7 8.
Bb5+ Nfd7 9. a4 Qh4+ 10. g3 Qe7 11. Nf3 O-O 12. O-O Na6 13. Re1 Nb4 14. e5
a6 15. Bf1 dxe5 16. d6 Qe8 17. a5 b5 18. axb6 Bb7 19. Be3 exf4 20. gxf4 Qd8
21. Bh3 Nc2 22. Qxc2 Bxf3 23. Qf2 Bc6 24. Bxd7 Qxd7 25. Bxc5 Rfe8 26. Re7
Qg4+ 27. Qg3 Qf5 28. Bf2 Bxc3 29. bxc3 Qd5 30. Kf1 Qxd6 31. Rc7 Qd5 32. Rc1
Qh1+ 33. Bg1 Rad8 34. Rxc6 Qxc6 35. Bf2 Qh1+ 36. Qg1 Qf3 37. Qg3 Qh1+ 38.
Qg1 Qf3 39. Qg3 Qe2+ 40. Kg1 Rd3 41. Qg5 Qb2 42. f5 Re5 43. Bd4 Rxd4 44.
cxd4 Qxd4+ 45. Kh1 Rxf5 46. Qh6 Qd5+ 47. Kg1 Rg5+ 48. Kf2 Qd2+ 0-1

[Event "ch-RUS HL"]
[Site "Ulan Ude RUS"]
[Date "2009.09.11"]
[Round "9"]
[White "Yuzhakov,O"]
[Black "Yaksin,O"]
[Result "1/2-1/2"]
[WhiteElo "2360"]
[BlackElo "2385"]
[EventDate "2009.09.02"]

1. e4 e5 2. Nf3 Nf6 3. Nxe5 d6 4. Nf3 Nxe4 5. Bd3 d5 6. O-O Be7 7. Qe2 Nc5
8. Bb5+ Nbd7 9. d4 Ne6 10. c4 dxc4 11. d5 Nec5 12. Bxc4 O-O 13. Nc3 Nb6 14.
b4 Ncd7 15. a3 Bf6 16. Bb2 Re8 17. Qd3 Nxc4 18. Qxc4 Nb6 19. Qb3 Bf5 20.
Rad1 Bg4 21. Rd3 Bxf3 22. Rxf3 Bxc3 23. Qxc3 f6 24. Rh3 Nxd5 25. Qc2 h6 26.
Bc1 Qe7 27. Qg6 Qe4 28. Rxh6 Qxg6 29. Rxg6 Re2 30. Rg3 Rae8 31. Rd3 c6 32.
b5 R8e4 33. Bd2 Rc4 34. Rd1 Rc2 35. Kf1 Re4 36. Rc1 Rxc1+ 37. Bxc1 Rc4 38.
Bd2 Kf7 39. bxc6 bxc6 40. Rb3 Ra4 41. Rb7+ Kg8 42. Bb4 a5 43. Ra7 Nxb4 44.
axb4 Rxb4 45. Rxa5 Rb7 46. Ra8+ Kf7 47. Rc8 Rb6 48. Rc7+ Kg6 49. g4 Kh6 50.
Kg2 g5 51. f3 Rb2+ 52. Kg3 Rc2 53. h4 gxh4+ 54. Kxh4 Kg6 55. Rd7 Rc4 56.
Kg3 f5 57. gxf5+ 1/2-1/2

[Event "ch-RUS HL"]
[Site "Ulan Ude RUS"]
[Date "2009.09.12"]
[Round "10"]
[White "Vorobiov,E"]
[Black "Kokarev,Dm"]
[Result "1/2-1/2"]
[WhiteElo "2606"]
[BlackElo "2630"]
[EventDate "2009.09.02"]

1. e4 c5 2. Nf3 d6 3. d4 cxd4 4. Nxd4 Nf6 5. Nc3 a6 6. Bg5 e6 7. f4 Qb6 8.
Qd2 Qxb2 9. Rb1 Qa3 10. e5 h6 11. Bh4 dxe5 12. fxe5 Nfd7 13. Ne4 Qxa2 14.
Rd1 Qd5 15. Qe3 Qxe5 16. Be2 Bc5 17. Bg3 Bxd4 18. Rxd4 Qa5+ 19. Rd2 O-O 20.
Bd6 Nc6 21. O-O Nce5 22. Bxf8 Nxf8 23. Nd6 f6 24. c4 Qc7 25. Ne8 Qe7 26.
Nd6 Qc7 27. Ne8 Qe7 28. Nd6 Qc7 1/2-1/2

[Event "ch-RUS HL"]
[Site "Ulan Ude RUS"]
[Date "2009.09.12"]
[Round "10"]
[White "Kurnosov,I"]
[Black "Galkin,A"]
[Result "1-0"]
[WhiteElo "2669"]
[BlackElo "2608"]
[EventDate "2009.09.02"]

1. e4 c6 2. d4 d5 3. e5 Bf5 4. Nd2 e6 5. Nb3 c5 6. dxc5 Bxc5 7. Nxc5 Qa5+
8. c3 Qxc5 9. Be3 Qc7 10. f4 Nc6 11. Nf3 f6 12. Bd3 Nh6 13. exf6 gxf6 14.
Nd4 Nxd4 15. Bxd4 Bxd3 16. Qxd3 Kf7 17. Qf3 Nf5 18. O-O-O h5 19. g3 b5 20.
Kb1 a5 21. h3 b4 22. g4 Nxd4 23. cxd4 Rac8 24. Rc1 Qb6 25. Qd3 Rxc1+ 26.
Rxc1 hxg4 27. hxg4 Rg8 28. Qh7+ Rg7 29. Qh8 f5 30. Rc8 Rxg4 31. Qf8+ Kg6
32. Qg8+ Kf6 33. Rf8+ Ke7 34. Rf7+ 1-0

[Event "ch-RUS HL"]
[Site "Ulan Ude RUS"]
[Date "2009.09.12"]
[Round "10"]
[White "Inarkiev,E"]
[Black "Frolyanov,D"]
[Result "1/2-1/2"]
[WhiteElo "2664"]
[BlackElo "2557"]
[EventDate "2009.09.02"]

1. d4 d5 2. Nf3 Nf6 3. c4 e6 4. Bg5 dxc4 5. Nc3 Bb4 6. a3 Bxc3+ 7. bxc3 c6
8. Nd2 c5 9. e4 cxd4 10. Nxc4 b5 11. Ne5 a6 12. cxd4 Bb7 13. f3 Nbd7 14.
Nxd7 Qxd7 15. Be2 O-O 16. O-O Ne8 17. Rc1 Nd6 18. Bd3 Rac8 19. Bb1 Rxc1 20.
Bxc1 f5 21. Re1 fxe4 22. fxe4 Qf7 23. h3 Qf2+ 24. Kh2 Qh4 25. Qe2 h6 26.
Qe3 Nc4 27. Qg3 Qxg3+ 28. Kxg3 Rd8 29. Rd1 Nd6 30. Re1 Nc4 31. Rd1 Nd6 32.
Kf4 Rf8+ 33. Ke3 Nc4+ 34. Ke2 Nd6 35. Ke3 Nc4+ 36. Ke2 Nd6 37. d5 exd5 38.
exd5 Nc4 39. g4 Rd8 40. Bf5 Kh8 41. Kf2 Rxd5 42. Rxd5 Bxd5 43. Bc8 a5 44.
Ba6 b4 45. axb4 axb4 46. Bxc4 Bxc4 47. h4 Kg8 48. g5 h5 49. Ke3 Kf7 50. Kd4
Be2 51. Kc5 b3 52. Kd6 Bd1 53. Bb2 Be2 54. Bc3 Bd1 55. Bb2 Be2 56. Bc3 Bd1
1/2-1/2

[Event "ch-RUS HL"]
[Site "Ulan Ude RUS"]
[Date "2009.09.12"]
[Round "10"]
[White "Maslak,K"]
[Black "Tregubov,P"]
[Result "1/2-1/2"]
[WhiteElo "2551"]
[BlackElo "2649"]
[EventDate "2009.09.02"]

1. d4 Nf6 2. Nf3 c5 3. d5 b5 4. Bg5 Qb6 5. a4 b4 6. e3 d6 7. Bxf6 exf6 8.
Nbd2 Be7 9. Nc4 Qc7 10. e4 Nd7 11. Ne3 O-O 12. Be2 Re8 13. Nd2 Bf8 14. O-O
g6 15. Nec4 Ne5 16. Ne3 Nd7 17. Nec4 Ba6 18. Bd3 Nb6 19. Qf3 Bxc4 20. Nxc4
Bg7 21. Nxb6 axb6 22. Bb5 Re5 23. c3 bxc3 24. bxc3 f5 25. exf5 Rxf5 26. Qd3
c4 27. Qd2 Qc5 28. Bc6 Ra7 29. Rae1 Be5 30. Qe3 Qa5 31. Rb1 Re7 32. Qxb6
Qxb6 33. Rxb6 Bxc3 34. Bb5 Rxd5 35. Bxc4 Rd4 36. Bb3 Bb4 37. Bd1 Rc7 38.
Rb8+ Kg7 39. Re8 Rc3 40. g3 Rd2 41. Re2 Rxe2 42. Bxe2 Rc2 43. Rb1 Bc5 44.
Kf1 Ra2 45. Rb7 Rxa4 46. Bb5 Re4 47. Bc6 Re6 48. f4 h6 49. Bd5 Rf6 50. Kg2
g5 51. Kf3 Bg1 52. h3 gxf4 53. g4 h5 54. gxh5 Be3 55. Bb3 Bd2 56. Ba2 Be1
57. Bc4 Bc3 58. Bb3 Be1 59. Bc4 Bh4 60. Kg4 f3 61. Kxh4 Rf4+ 62. Kg5 Rxc4
63. h6+ Kg8 64. h7+ Kxh7 65. Rxf7+ Kg8 66. Rxf3 Kg7 1/2-1/2

[Event "ch-RUS HL"]
[Site "Ulan Ude RUS"]
[Date "2009.09.12"]
[Round "10"]
[White "Khairullin,I"]
[Black "Savchenko,B"]
[Result "1-0"]
[WhiteElo "2604"]
[BlackElo "2638"]
[EventDate "2009.09.02"]

1. d4 Nf6 2. c4 g6 3. Nc3 Bg7 4. e4 O-O 5. Be3 d6 6. f3 a6 7. Qd2 Be6 8.
Bd3 c6 9. Nge2 b5 10. b3 Bc8 11. O-O e5 12. b4 exd4 13. Nxd4 Qe7 14. a3 Ra7
15. Rfe1 Rc7 16. cxb5 axb5 17. a4 bxa4 18. Rxa4 Re8 19. Bf2 h5 20. b5 c5
21. Nc6 Nxc6 22. bxc6 Be6 23. Nd5 Bxd5 24. exd5 Qf8 25. Rxe8 Qxe8 26. Bc4
Kh7 27. Ra3 Qb8 28. Rb3 Qa8 29. Rb1 Re7 30. h4 Qa4 31. Qa2 Qxa2 32. Bxa2
Ra7 33. Rb7 Rxb7 34. cxb7 Nd7 35. Be1 Bd4+ 36. Kf1 c4 37. Bb4 c3 38. Ke2
Be5 39. Ba5 Bd4 40. Bc7 Ba7 41. Bxd6 1-0

[Event "ch-RUS HL"]
[Site "Ulan Ude RUS"]
[Date "2009.09.12"]
[Round "10"]
[White "Matlakov,M"]
[Black "Volkov,Sergey1"]
[Result "1/2-1/2"]
[WhiteElo "2574"]
[BlackElo "2616"]
[EventDate "2009.09.02"]

1. d4 d5 2. c4 c6 3. Nf3 Nf6 4. e3 Bf5 5. Nc3 e6 6. Nh4 Bg6 7. Be2 Nbd7 8.
g3 Bd6 9. O-O O-O 10. Nxg6 hxg6 11. Qb3 Rb8 12. Rd1 Qe7 13. Qc2 Rfe8 14.
Bd2 Rbc8 15. Be1 g5 16. Rac1 a6 17. Qb1 Rcd8 18. a3 g6 19. b4 Kg7 20. e4
Nxe4 21. Nxe4 dxe4 22. Qxe4 e5 23. Bc3 f5 24. Qc2 exd4 25. Rxd4 Be5 26. Rd2
Bxc3 27. Qxc3+ Qe5 28. f3 f4 29. Qxe5+ Nxe5 30. Rcd1 Rxd2 31. Rxd2 Re7 32.
Rd4 c5 33. bxc5 Nc6 34. Rd2 Re3 35. Kf2 Rb3 36. Bd3 Rxa3 37. Be4 Rb3 38.
Bxc6 bxc6 39. Ra2 a5 40. Rxa5 Rb2+ 41. Kg1 g4 42. fxg4 fxg3 43. hxg3 Kh6
44. Ra6 Kg5 45. Rxc6 Rc2 46. Rd6 Rxc4 47. c6 Kxg4 48. Rxg6+ Kf3 49. Kh2 Rc1
50. g4 Rc2+ 51. Kh3 Kf4 52. Rd6 Kg5 53. Rd5+ Kg6 54. Rd6+ Kg5 55. Rd5+ Kg6
1/2-1/2

[Event "ch-RUS HL"]
[Site "Ulan Ude RUS"]
[Date "2009.09.12"]
[Round "10"]
[White "Grachev,B"]
[Black "Bryzgalin,K"]
[Result "1-0"]
[WhiteElo "2684"]
[BlackElo "2480"]
[EventDate "2009.09.02"]

1. d4 d5 2. Nf3 c6 3. Bf4 Nf6 4. e3 Bg4 5. c4 Bxf3 6. gxf3 dxc4 7. Bxc4 e6
8. Nc3 Nbd7 9. Qc2 Nb6 10. Be2 Bd6 11. Be5 Qe7 12. f4 O-O 13. Rg1 Kh8 14.
O-O-O Bxe5 15. fxe5 Nfd5 16. Ne4 f5 17. exf6 gxf6 18. Kb1 Nd7 19. Rg3 f5
20. Ng5 N7f6 21. Rdg1 Rae8 22. Bf3 f4 23. Rh3 fxe3 24. fxe3 Nxe3 25. Qg6
Nf5 26. Be4 Qd7 27. Bc2 Re7 28. Nxe6 Qxe6 29. Bxf5 Qg8 30. Qxg8+ Rxg8 31.
Rhg3 Rd8 32. Rd1 Ne4 33. Rf3 Nd6 34. Bd3 a6 35. a4 Rf7 36. Rdf1 Rdd7 37.
Kc2 Kg7 38. Kc3 Rxf3 39. Rxf3 Ne8 40. Rg3+ Kf8 41. Rf3+ Kg7 42. a5 Nc7 43.
Rh3 Nb5+ 44. Bxb5 axb5 45. Rh5 Rd6 46. Kb4 Rxd4+ 47. Kc5 Rd7 48. Kb6 Kf6
49. b4 Rg7 50. Rh3 Rd7 51. Re3 Kf7 52. Re4 Kf8 53. h4 h6 54. Re6 Rh7 55. h5
Kf7 56. Rg6 Kf8 57. Ka7 Rc7 58. Rxh6 c5 59. Kb6 1-0

[Event "ch-RUS HL"]
[Site "Ulan Ude RUS"]
[Date "2009.09.12"]
[Round "10"]
[White "Yemelin,V"]
[Black "Burmakin,V"]
[Result "0-1"]
[WhiteElo "2570"]
[BlackElo "2599"]
[EventDate "2009.09.02"]

1. e4 c6 2. d4 d5 3. e5 Bf5 4. Nf3 e6 5. Be2 Nd7 6. O-O h6 7. Nbd2 Ne7 8.
Nb3 Bh7 9. Bd2 Nc8 10. a4 Be7 11. a5 O-O 12. c4 dxc4 13. Bxc4 a6 14. Be3
Na7 15. Bd3 Bxd3 16. Qxd3 Nb5 17. Qe2 Rc8 18. Rfc1 Re8 19. Ra4 Nf8 20. Nfd2
Qc7 21. Nc4 Rcd8 22. Rd1 Ng6 23. g3 c5 24. dxc5 Rxd1+ 25. Qxd1 Nxe5 26. Bf4
Qd7 27. Qxd7 Nxd7 28. Be3 Rd8 29. Kf1 Nb8 30. Nbd2 Nc6 31. f3 Rd5 32. Nb3
Rd1+ 33. Ke2 Rh1 34. h4 f5 35. f4 Rh2+ 36. Kf3 Kf8 37. Ra1 g5 38. fxg5 hxg5
39. Bxg5 Bxg5 40. hxg5 Nbd4+ 41. Nxd4 Nxd4+ 42. Kf4 Re2 43. g6 Kg7 44. Kg5
Re4 45. Nd6 Rg4+ 46. Kh5 Nf3 47. Ne8+ Kf8 48. Nf6 Rxg3 49. Rh1 Ne5 50. Nh7+
Kg7 51. Ng5 Nxg6 52. Nxe6+ Kf6 53. Nd4 Ne5 0-1

[Event "ch-RUS HL"]
[Site "Ulan Ude RUS"]
[Date "2009.09.12"]
[Round "10"]
[White "Shomoev,A"]
[Black "Rakhmanov,Ale"]
[Result "1-0"]
[WhiteElo "2566"]
[BlackElo "2588"]
[EventDate "2009.09.02"]

1. e4 c5 2. Nf3 Nf6 3. Nc3 d5 4. exd5 Nxd5 5. Bb5+ Bd7 6. Ne5 Nf6 7. Qf3
Qc8 8. a4 a6 9. Bxd7+ Nbxd7 10. Nc4 e6 11. d3 Be7 12. O-O O-O 13. Bf4 b6
14. a5 b5 15. Nb6 Qd8 16. Nxa8 Qxa8 17. Qxa8 Rxa8 18. Ne4 Ne8 19. Rfe1 h6
20. c4 g5 21. Be3 f5 22. Nc3 Nc7 23. Rad1 b4 24. Na4 f4 25. Bd2 Rf8 26. Nb6
Rd8 27. g3 fxg3 28. hxg3 Kf7 29. Kg2 Nb8 30. Be3 e5 31. f4 Nc6 32. fxe5
Nxa5 33. d4 cxd4 34. Rxd4 Rxd4 35. Bxd4 Nc6 36. Bf2 Ke6 37. Na4 Kf5 38. Bc5
Bxc5 39. Nxc5 Nxe5 40. Rf1+ Kg6 41. b3 h5 42. Rf8 a5 43. Rc8 a4 44. bxa4
1-0

[Event "ch-RUS HL"]
[Site "Ulan Ude RUS"]
[Date "2009.09.12"]
[Round "10"]
[White "Badmatsyrenov,O"]
[Black "Belov,Vl"]
[Result "0-1"]
[WhiteElo "2437"]
[BlackElo "2624"]
[EventDate "2009.09.02"]

1. e4 c5 2. Nf3 d6 3. d4 cxd4 4. Nxd4 Nf6 5. Nc3 a6 6. Bg5 e6 7. f4 Nc6 8.
Nxc6 bxc6 9. e5 h6 10. Bh4 g5 11. Bf2 Nd5 12. Ne4 gxf4 13. Qh5 Qa5+ 14. c3
Rb8 15. Bc4 Rxb2 16. O-O Nxc3 17. Nf6+ Kd8 18. Qxf7 Rxf2 19. Rxf2 Qxe5 20.
Qe8+ Kc7 21. Qf7+ Kb6 22. Bf1 d5 23. Rb2+ Nb5 24. Rab1 Bc5+ 25. Kh1 Bd4 26.
Rxb5+ axb5 27. Bxb5 cxb5 28. Nd7+ Bxd7 29. Qxd7 Bb2 30. a4 bxa4 31. Qxa4
Rb8 32. h3 Kc7 33. Qa5+ Kd7 34. Re1 Qc7 0-1

[Event "ch-RUS HL"]
[Site "Ulan Ude RUS"]
[Date "2009.09.12"]
[Round "10"]
[White "Gabrielian,A"]
[Black "Sek,K"]
[Result "1-0"]
[WhiteElo "2513"]
[BlackElo "2420"]
[EventDate "2009.09.02"]

1. e4 Nf6 2. e5 Nd5 3. d4 d6 4. Nf3 Bg4 5. Be2 Nc6 6. O-O dxe5 7. Nxe5 Bxe2
8. Qxe2 Nxd4 9. Qc4 f6 10. Qxd4 fxe5 11. Qxe5 Qd6 12. Qe2 O-O-O 13. Na3 Qc6
14. Nb5 Qb6 15. Rd1 a6 16. c4 axb5 17. cxd5 e6 18. Be3 Qa6 19. dxe6 Re8 20.
Rac1 Rxe6 21. Qg4 h5 22. Qf5 Be7 23. Bf4 Kb8 24. Rxc7 Ka8 25. Rdc1 Ka7 26.
Rxe7 1-0

[Event "ch-RUS HL"]
[Site "Ulan Ude RUS"]
[Date "2009.09.12"]
[Round "10"]
[White "Sharafiev,A"]
[Black "Yuzhakov,O"]
[Result "1-0"]
[WhiteElo "2400"]
[BlackElo "2360"]
[EventDate "2009.09.02"]

1. d4 d5 2. c4 c6 3. Nc3 Nf6 4. Nf3 dxc4 5. a4 Bg4 6. Ne5 Bh5 7. f3 e6 8.
g4 Bg6 9. h4 h5 10. g5 Nd5 11. Nxg6 fxg6 12. e4 Nxc3 13. bxc3 b5 14. Bh3 e5
15. dxe5 Qxd1+ 16. Kxd1 a5 17. Kc2 Nd7 18. f4 Nc5 19. axb5 cxb5 20. Rd1 Nd3
21. Bf1 Nxc1 22. Rdxc1 Bc5 23. Rcb1 Rf8 24. Rxb5 Rxf4 25. Bxc4 Be7 26.
Rbxa5 Rxa5 27. Rxa5 Rxe4 28. Kd3 Rxh4 29. e6 Rh3+ 30. Kd4 Rh4+ 31. Kd5 Bxg5
32. Ra8+ Ke7 33. Ra7+ Kf8 34. Kd6 Be7+ 35. Rxe7 Rxc4 36. Rf7+ Kg8 37. Rc7
Re4 38. Rc8+ Kh7 39. e7 g5 40. e8=Q Rxe8 41. Rxe8 g4 42. Ke5 1-0

[Event "ch-RUS HL"]
[Site "Ulan Ude RUS"]
[Date "2009.09.12"]
[Round "10"]
[White "Papin,V"]
[Black "Pushkarev,D"]
[Result "1-0"]
[WhiteElo "2529"]
[BlackElo "2429"]
[EventDate "2009.09.02"]

1. d4 d5 2. c4 c6 3. Nc3 Nf6 4. e3 a6 5. Qc2 e6 6. Nf3 c5 7. cxd5 exd5 8.
Be2 Nc6 9. Ne5 Qc7 10. Nxc6 Qxc6 11. O-O cxd4 12. exd4 Be7 13. Bf4 O-O 14.
Rac1 b5 15. Qb3 Qd7 16. Bf3 Rd8 17. Nd1 Bd6 18. Be5 Bxe5 19. dxe5 Ng4 20.
Re1 Qe6 21. Nc3 Bb7 22. Rcd1 Nxe5 23. Bxd5 Bxd5 24. Nxd5 Qd6 25. Qc3 f6 26.
f4 b4 27. Qc2 Ng6 28. Ne7+ Qxe7 29. Rxe7 Nxe7 30. Qc4+ 1-0